Waffen-SS /

Bibliographic Details
Main Author: Davis, Brian Leigh
Format: Book
Language:English
Published: Poole ; New York : Blandford Press ; [1986]
Series:Blandford war photo-files.
Subjects:

MARC

Tag First Indicator Second Indicator Subfields
LEADER 00000cam a2200000 a 4500
001 in00000012438
005 20151007051828.0
008 860415s1986 enka 001 0 eng
010 |a  86145970  
020 |a 0713715286 :  |c £9.95 ($17.95 U.S.) 
035 |a (OCoLC)13732213 
035 |9 AAA5002AM 
040 |a DLC  |c DLC  |d m/c  |d TXA  |d UtOrBLW 
043 |a e-gx---  |a e------ 
049 |a TXAM  |c 1 [A11012651]  |a TXAS [mil]  |c 2 
050 0 0 |a D757.85  |b .D38 1986 
082 0 |a 940.54/13/43  |2 19 
100 1 |a Davis, Brian Leigh. 
245 1 0 |a Waffen-SS /  |c Brian L. Davis. 
264 1 |a Poole ;  |a New York :  |b Blandford Press ;  |c [1986] 
264 2 |a New York, NY :  |b Distributed in the U.S. by Sterling Pub. Co., 
264 4 |c ©1986 
300 |a approximately 125 pages :  |b illustrations ;  |c 26 cm. 
336 |a text  |b txt  |2 rdacontent 
337 |a unmediated  |b n  |2 rdamedia 
338 |a volume  |b nc  |2 rdacarrier 
490 1 |a Blandford war photo-files 
500 |a Includes index. 
650 0 |a World War, 1939-1945  |x Regimental histories  |z Germany  |v Pictorial works. 
610 2 0 |a Waffen-SS  |x History  |x Pictorial works. 
650 0 |a World War, 1939-1945  |x Campaigns  |z Europe  |v Pictorial works. 
830 0 |a Blandford war photo-files. 
999 |a MARS 
999 f f |s cec4beb1-b5fa-38bf-889b-88b89f52e615  |i 1d612a45-6654-3ea7-8abe-865d0e992763  |t 0 
952 f f |p noncirc  |a Texas A&M University  |b College Station  |c Cushing Memorial Library & Archives  |d Cushing: Ragan Military (Does not check out)  |t 0  |e D757.85 .D38 1986  |h Library of Congress classification  |i unmediated -- volume  |m A14852158741 
952 f f |p noncirc  |a Texas A&M University  |b College Station  |c Cushing Memorial Library & Archives  |d Cushing: Ragan Military (Does not check out)  |t 0  |e D757.85 .D38 1986  |h Library of Congress classification  |i unmediated -- volume  |m A14852158733 
952 f f |p ric  |a Texas A&M University  |b Rellis Campus  |c Joint Library Facility  |d Remote Storage  |t 0  |e D757.85 .D38 1986  |h Library of Congress classification  |i unmediated -- volume  |m A14811012651 
998 f f |a D757.85 .D38 1986  |t 0  |l Cushing: Ragan Military (Does not check out) 
998 f f |a D757.85 .D38 1986  |t 0  |l Remote Storage 
998 f f |a D757.85 .D38 1986  |t 0  |l Cushing: Ragan Military (Does not check out)